| 000 | 00345nam a2200145Ia 4500 | ||
|---|---|---|---|
| 008 | 150201s2004 xx 000 0 und d | ||
| 082 |
_a618 _b02004D |
||
| 100 | _aDUTTA,D.C | ||
| 245 | _aTEXT BOOK OF OBSTETRICS | ||
| 250 | _a6TH | ||
| 260 |
_bCENTRALPUBLICATION _aCALCUTTA _c2004 |
||
| 300 | _a1-650 | ||
| 650 | _aGYNAECOLOGY | ||
| 942 |
_2ddc _cBK |
||
| 999 |
_c4001 _d4001 |
||